000 00456nam a2200157Ia 4500
008 240729s9999 xx 000 0 und d
022 _a2573-2765
245 0 _aJournal of Contemporary Pharmacy Practice
260 _aUnited States
260 _bCalifornia Pharmacists Association
650 _a Pharmacy and materia medica
650 _aMedicine
856 _uhttps://doaj.org/toc/56c01703a30644baa38004927c02cd30
942 _2ddc
942 _cDOAJEJ
999 _c66406
_d66406
945 _a1
_bMadushi Gamage
_c1
_dMadushi Gamage